Maadi : the making and unmaking of a Cairo suburb 1878-1962 /

محفوظ في:

المؤلف الرئيسي: DeVries, Annalise J. K. (مؤلف)

التنسيق: كتاب

اللغة: English

منشور في: Cairo ; New York : The American University in Cairo Press, 2021.

الموضوعات:

الوسوم: إضافة وسم

لا توجد وسوم, كن أول من يضع وسما على هذه التسجيلة!

رقم الطلب: DT154 .M33 D48 2021

LEADER 01466nam a22003017a 4500
003 OSt
005 20260112114440.0
008 260112t20212021ua abf b 001 0 eng d
020 |a 9789774169786  |q hardcover 
040 |c ARCE Library 
043 |a f-ua--- 
050 1 4 |a DT154 .M33  |b D48 2021 
100 1 |a DeVries, Annalise J. K.,  |e author 
245 1 0 |a Maadi :  |b the making and unmaking of a Cairo suburb 1878-1962 /  |c Annalise J. K. DeVries. 
264 1 |a Cairo ;  |a New York :  |b The American University in Cairo Press,  |c 2021. 
264 4 |c ©2021. 
300 |a xiii, 254 pages, 16 unnumbered pages of plates :  |b illustrations, maps ;  |c 24 cm. 
504 |a Includes bibliographical references and index. 
505 0 |a Part 1. Foundation 1. Financial Cornerstone 2. Place of Profit Part 2. Construction, Phase One 3. Villa Society 4. Built for War 5. National Home Part 3. Construction, Phase Two 6. Avenue 'Abd al-Wahhab 7. Confessional Intersection 8. A War of Two Villas Part 4. Overhaul 9. Broken Ground 10. Relocation 11. Demolition. 
650 0 |a Suburbs  |z Egypt  |z Maʻādī  |x History. 
650 0 |a Cities and towns  |z Egypt  |z Maʻādī  |x History. 
651 0 |a Maʻādī (Egypt)  |x History  |y 19th century. 
651 0 |a Maʻādī (Egypt)  |x History  |y 20th century. 
651 0 |a Maʻādī (Egypt)  |x Social life and customs  |y 19th century. 
651 0 |a Maʻādī (Egypt)  |x Social life and customs  |y 20th century. 
901 |a reviewed 
942 |2 lcc  |c BK 
999 |c 59103  |d 59103